书目信息 |
| 题名: |
线性代数:解题思路和方法
|
|
| 作者: | 王新民 , 范培华 主编 | |
| 分册: | ||
| 出版信息: | 北京 世界图书出版公司 1998.02 |
|
| 页数: | 312页 | |
| 开本: | 32开 | |
| 丛书名: | ||
| 单 册: | ||
| 中图分类: | O151.2 | |
| 科图分类: | ||
| 主题词: | 代数 , 数论 , 组合数学 | |
| 电子资源: | ||
| ISBN: | 7-5062-3665-6 | |
| 000 | 00666nam0 2200229 45 | |
| 001 | 0011281096 | |
| 005 | 20001128100233.3 | |
| 010 | @a7-5062-3665-6@d18.00元 | |
| 100 | @a20001128d1998 km y0chiy0120 ea | |
| 101 | 0 | @achi |
| 105 | @a z 000yy | |
| 200 | 1 | @a线性代数:解题思路和方法@AXian Xing Dai Shu:Jie Ti Si Lu He Fang Fa@f王新民,范培华主编@FWang Xin Min,Fan Pei Hua Zhu Bian |
| 210 | @a北京@c世界图书出版公司@d1998.02 | |
| 215 | @a312页@d32开 | |
| 606 | 0 | @a代数 |
| 606 | 0 | @a数论 |
| 606 | 0 | @a组合数学 |
| 690 | @aO151.2@v3 | |
| 701 | 0 | @a王新民@4主编 |
| 701 | 0 | @a范培华@4主编 |
| 801 | @aCN@bPftUser@c20001128 | |
| 905 | @b506304-306@dO151.2@eW542@f3 | |
| 线性代数:解题思路和方法/王新民,范培华主编.-北京:世界图书出版公司,1998.02 |
| 312页;32开 |
| ISBN 7-5062-3665-6:18.00元 |
| ● |
| 相关链接 |
|
|
|
正题名:线性代数:解题思路和方法
索取号:O151.2/W542
 
预约/预借
| 序号 | 登录号 | 条形码 | 馆藏地/架位号 | 状态 | 备注 |
| 1 | 506304 | 205063045 | 自科库401/401自科库 41排7列3层/ [索取号:O151.2/W542] | 在馆 | |
| 2 | 506305 | 205063054 | 自科库401/401自科库 41排7列3层/ [索取号:O151.2/W542] | 在馆 | |
| 3 | 506306 | 205063063 | 自科二线504/504自科库 27排2列3层/ [索取号:O151.2/W542] | 在馆 |